00984nam a2200229 a 450000100100000000500170001000800410002704000250006808200160009310000250010924501130013426000630024730000270031050400730033750400270041070000280043770000340046504900090049995201140050895201150062299900170073700002886120200930055201.0110412s1978 dr a 000 0 spa d aDO-SdBNPbspacBNPHU axxxxbR916m1 aRudman, Isaac95583910aMonedas de la República Dominicana /cIsaac Rudman, Miguel Estrella; presentación Octavio Amiama Castro. aSanto Domingo :bSociedad Numismática Dominicana,c1978. a61 p. :bil. ;c21 cm. aIncluye referencias bibliográficas y notas al pie de las páginas aBibliografía : p. 6112aEstrella, Miguel95584012aAmiama Castro, Octavio955841 aBNPD 0010718PDaPDbPDcHDd2011-04-12iLF1l0oxxxx R916mp28861-10r2020-06-25w2020-06-25yLFPDZNo se presta 00107-18PDaPDbPDcOId2019-06-25iLF1l0oxxxx R916mp28861-20r2020-06-25w2020-06-25yLFPDZNo se presta c28353d28353